Business models for distribution, archiving and use of electronic information : towards a value chain perspective : a study for ECUP+ (Record no. 101684)
[ view plain ]
| 000 -LEADER | |
|---|---|
| fixed length control field | 01060cam a2200253 4500 |
| 008 - FIXED-LENGTH DATA ELEMENTS--GENERAL INFORMATION | |
| fixed length control field | 010928n2001 000 0 eng u |
| 020 ## - INTERNATIONAL STANDARD BOOK NUMBER | |
| International Standard Book Number | 9289408545 |
| 035 ## - SYSTEM CONTROL NUMBER | |
| System control number | (Sirsi) u114910 |
| 041 ## - LANGUAGE CODE | |
| Language code of text/sound track or separate title | eng. |
| 050 ## - LIBRARY OF CONGRESS CALL NUMBER | |
| Classification number | 001.64044 |
| 100 ## - MAIN ENTRY--PERSONAL NAME | |
| Personal name | Bide, M. |
| 110 ## - MAIN ENTRY--CORPORATE NAME | |
| Corporate name or jurisdiction name as entry element | Mark Bide & Associates |
| 9 (RLIN) | 4359 |
| 245 ## - TITLE STATEMENT | |
| Title | Business models for distribution, archiving and use of electronic information : towards a value chain perspective : a study for ECUP+ |
| 260 ## - PUBLICATION, DISTRIBUTION, ETC. | |
| Place of publication, distribution, etc. | Luxembourg |
| Name of publisher, distributor, etc. | Office for Official Publications of the European Communities |
| Date of publication, distribution, etc. | 2001 |
| 300 ## - PHYSICAL DESCRIPTION | |
| Extent | 79p. |
| Dimensions | 30cm. |
| 350 ## - PRICE (NR) (BK AM CF MU VM SE) [OBSOLETE] | |
| Price | 5 |
| 520 ## - SUMMARY, ETC. | |
| Summary, etc. | A study that aims to understand the business models which support the distribution, archiving and use of electronic information products. Based largely on publishing experience in the UK, it uses the 'value chain' to achieve this understanding. |
| 650 ## - SUBJECT ADDED ENTRY--TOPICAL TERM | |
| Topical term or geographic name entry element | ARCHIVES |
| 650 ## - SUBJECT ADDED ENTRY--TOPICAL TERM | |
| Topical term or geographic name entry element | ELECTRONIC INFORMATION |
| 650 ## - SUBJECT ADDED ENTRY--TOPICAL TERM | |
| Topical term or geographic name entry element | KNOWLEDGE MANAGEMENT |
| 650 ## - SUBJECT ADDED ENTRY--TOPICAL TERM | |
| Topical term or geographic name entry element | BUSINESS MODELS |
| 690 ## - LOCAL SUBJECT ADDED ENTRY--TOPICAL TERM (OCLC, RLIN) | |
| Topical term or geographic name as entry element | MANAGEMENT-BUSINESS MANAGEMENT-INFORMATION MANAGEMENT |
| 942 ## - ADDED ENTRY ELEMENTS (KOHA) | |
| Suppress in OPAC | 0 |
| Withdrawn status | Lost status | Source of classification or shelving scheme | Damaged status | Not for loan | Home library | Current library | Shelving location | Date acquired | Cost, normal purchase price | Total Checkouts | Full call number | Barcode | Date last seen | Copy number | Cost, replacement price | Price effective from | Koha item type |
|---|---|---|---|---|---|---|---|---|---|---|---|---|---|---|---|---|---|
| Dewey Decimal Classification | London | London | Folio | 14/10/2002 | 4.25 | F001.64044 BID | 30066609 | 06/08/2019 | 1 | 4.25 | 06/08/2019 | Book |